[Event "Bouhjar BICA Rapid op 02nd"]
[Site "Bouhjar"]
[Date "2022.11.20"]
[Round "8"]
[White "Achour, Oussama"]
[Black "Gamha, Sadek"]
[Result "1-0"]
[WhiteElo "1505"]
[BlackElo "1316"]
[PlyCount "44"]
[EventDate "2022.11.20"]
[EventType "swiss (rapid)"]
[EventRounds "9"]
[EventCountry "TUN"]
[SourceTitle "CBM 211 Extra"]
[Source "ChessBase"]
[SourceDate "2023.01.31"]
[SourceVersion "1"]
[SourceVersionDate "2023.01.31"]
[SourceQuality "1"]

1. d4 Nf6 2. Bf4 e6 3. e3 c5 4. c3 Nc6 5. Nd2 d5 6. Bd3 c4 7. Bc2 Bd6 8. Bg3 b5 9. a3 Bb7 10. Ngf3 Qc7 11. e4 dxe4 12. Nxe4 Nxe4 13. Bxe4 h6 14. Qe2 0-0 15. Bc2 Rfe8 16. Qe4 g6 17. Qh4 Kg7 18. 0-0 Bxg3 19. fxg3 Qe7 20. Qf4 Qf6 21. Qxf6+ Kxf6 22. Ne5+ Kg7 1-0

[Event "Monastir zt 4.1"]
[Site "Monastir"]
[Date "2022.03.15"]
[Round "4"]
[White "Ben Ammar, Mohamed"]
[Black "Achour, Oussama"]
[Result "1-0"]
[WhiteElo "2173"]
[BlackElo "1474"]
[PlyCount "69"]
[EventDate "2022.03.13"]
[EventType "swiss"]
[EventRounds "9"]
[EventCountry "TUN"]
[SourceTitle "EXT 2023"]
[Source "ChessBase"]
[SourceDate "2022.10.05"]
[SourceVersion "1"]
[SourceVersionDate "2022.10.05"]
[SourceQuality "1"]

1. d4 Nf6 2. c4 g6 3. Nc3 Bg7 4. Nf3 0-0 5. Bg5 c5 6. d5 d6 7. Nd2 e6 8. e4 exd5 9. cxd5 a6 10. a4 Nbd7 11. Be2 Re8 12. 0-0 h6 13. Bh4 g5 14. Bg3 Nf8 15. Qc2 Ng6 16. Nc4 Nf4 17. Rfe1 Qe7 18. Bf1 Ng4 19. Qd2 Qf6 20. e5 Nxe5 21. Ne4 Qe7 22. Bxf4 Nxc4 23. Nf6+ Qxf6 24. Rxe8+ Bf8 25. Bxc4 gxf4 26. Rae1 h5 27. Qc3 Qh6 28. Rd8 b5 29. axb5 axb5 30. Bxb5 Bb7 31. Rxa8 Bxa8 32. Bc6 Bxc6 33. dxc6 d5 34. c7 Qc6 35. Qe5 1-0

[Event "Monastir zt 4.1"]
[Site "Monastir"]
[Date "2022.03.14"]
[Round "3"]
[White "Ben Hamouda, Mohamed Aymen"]
[Black "Achour, Oussama"]
[Result "0-1"]
[WhiteElo "1509"]
[BlackElo "1474"]
[PlyCount "52"]
[EventDate "2022.03.13"]
[EventType "swiss"]
[EventRounds "9"]
[EventCountry "TUN"]
[SourceTitle "EXT 2023"]
[Source "ChessBase"]
[SourceDate "2022.10.05"]
[SourceVersion "1"]
[SourceVersionDate "2022.10.05"]
[SourceQuality "1"]

1. e4 d5 2. exd5 Nf6 3. Nc3 Nxd5 4. Bc4 Nb6 5. Bb3 Nc6 6. Qf3 e6 7. Nge2 Na5 8. d4 Nxb3 9. axb3 Be7 10. Qg3 Bf6 11. Bf4 Nd5 12. Nxd5 Qxd5 13. Bxc7 0-0 14. 0-0 Qe4 15. Nf4 Qxc2 16. Rfc1 Qf5 17. Ra5 b5 18. h4 Bxd4 19. Qf3 Bd7 20. Bd6 Rfc8 21. Rxc8+ Rxc8 22. g4 Qb1+ 23. Kh2 Bc6 24. Qe2 Qh1+ 25. Kg3 Qg1+ 26. Kh3 Bxf2 0-1